MDQL
is popping MORE tags! Check the
thread
!
Quizzes
Events
Quiz Creation
Community
Videos
Private Events
Remove Ads
Sign In
Join for FREE
Feedback
Dark Mode
Quiz Categories
Sports
Geography
Music
Movies
Television
Just For Fun
Miscellaneous
History
Literature
Language
Science
Gaming
Entertainment
Religion
Holiday
For Kids
Quiz Lab
Recent
Popular Today
Quiz Kudos Today
Editor Picks
Curator Picks
Quizzes by...
Day
Popularity
Type
Ratings
Length
Year
Community
Subscriptions
Recent Discussions
Orange Saloon
Badges
Playlists
Quests
Create
Leaderboards
Showdown
Live 5
Trivia Bingo
Activity
Puzzle Library
Sporcle Events
Private Events
Virtual Trivia
Globe League
Become a Host
Pub Owners
SporcleCon
Opinionation
Our Games
Videos
Blog
Mobile Apps
Partnerships
Remove Ads and Go Orange
Feedback
Sports
Athletes
MLB
NBA
NHL
NFL
Soccer
Sports Teams
WWE
NCAA
Football
Premier League
Basketball
Baseball
Hockey
Golf
Tennis
Cricket
Rugby
Auto Racing
Olympics
World Cup
Sports
Athletes
MLB
NBA
NHL
NFL
Soccer
Sports Teams
WWE
NCAA
Football
Premier League
Basketball
Baseball
Hockey
Golf
Tennis
Cricket
Rugby
Auto Racing
Olympics
World Cup
Random Quiz
Search Sporcle
×
Quiz Lab
Quiz Lab
Sports
Baseball
Type in answers that appear in a list
Type in answers that appear in a list
Classic
Best Score? Go Orange.
MLB Alma Maters Stats
Can you name the Pro Baseball Players Former College?
By
yungmoney
10m
28 Questions
982 Plays
982 Plays
982 Plays
Comments
Comments
Give Quiz Kudos
Give Quiz Kudos
-
- Ratings
hide this ad
Replay
Link that replays current quiz
Next Quiz
Link to next quiz in quiz playlist
You Got
0%
They Got
Avg Score
39%
Avg Friend Score
Upgrade to see
Score Distribution
Jump to the score distribution portion of the page
Score
0/28
Timer
10:00
0
Plays Today
Player
% Correct
Trevor Hoffman
Arizona
75.2%
David Price
Vanderbilt
72.9%
Matt Wieters
Georgia Tech
71.3%
Mark Teixeira
Georgia Tech
71.3%
Dustin Pedroia
Arizona State
66.9%
Barry Zito
USC
63%
Tim Lincecum
Washington
62%
Troy Glaus
UCLA
61.5%
Eric Byrnes
UCLA
61.5%
Stephen Drew
Florida State
60.7%
Lance Berkman
Rice
51.8%
Nick Swisher
Ohio State
47.8%
Jared Weaver
Long Beach State
44.8%
Tim Hudson
Auburn
44.1%
Player
% Correct
Cliff Lee
Arkansas
38.9%
Ryan Braun
University of Miami
28.8%
Joba Chamberlain
University of Nebraska
28.3%
Alex Gordon
University of Nebraska
28.3%
Ross Ohlendorf
Princeton
23.3%
Ryan Howard
Missouri State
21.3%
Kevin Millwood
UNC
20.5%
Ryan Ludwick
UNLV
18.8%
Jason Bay
Gonzaga
15.6%
Mark DeRosa
University of Pennsylvania
12.1%
Jamie Moyer
St. Josephs
8.4%
Will Venable
Princeton University
6.6%
John Maine
UNC Charlotte
6.3%
Raul Ibañez
Miami-Dade Community College
5.8%
Quiz Playlist
Details
Report
Send in Message
Add To Playlist
Classic:
Type in answers that appear in a list
Last Updated: Sep 20, 2017
Quiz Scoreboard
CHALLENGE
Sign Up to Join the Scoreboard
Show All
Scores
Hide
Comments
May contain spoilers
Recently Published
Holiday 10x10 Sorting Gallery
by lukepisani3
Holiday
15m
Two Season TV Shows II
by 123Four
Television
10m
Image Sorting: Flags VI
by Barbecue
Geography
2m
More to Explore
Quiz From the Vault
Featured Blog Post
14 Easter Pick-up Lines to Find Eggs With
hide this ad
You Might Also Like...
Tags
Baseball Quiz
College Quiz
MLB Quiz
Alma Maters
Former
Mater
Player
pro
team
Today's Top Quizzes in Sports
Browse Sports
hide this ad
Today's Top Quizzes in Baseball
Browse Baseball
Top Contributed Quizzes in Sports
1
Les meilleurs buteurs des matchs entre le PSG et l’OM
2
Les entraîneurs de l'OM et du PSG au 21e siècle
3
2022 World Cup Stars
4
Les joueurs passés par le PSG et l'OM
5
Players with Multiple 50 Home Run Seasons
6
FIFA Club World Cup Champions
7
Top 10 NHL Goal Scorers of All Time
8
Les joueurs passés par le LOSC et le RC Lens
9
Criteria MLB: Left Handed Sluggers
10
2023 MLB Unique Player Accomplishments
Explore More
Trending Topics
Harry Potter
Disney
Kpop
Anime
NBA
Marvel
Crossword
Pokémon
Song
NFL
Soccer
WWE
The Office
Puzzle
Country
hide this ad
More By:
yungmoney
Quiz
Plays
Rating
Category
Featured
Created
Shoe Logos
1,530
1.86
Just For Fun
Apr 13, 2010
MLB Alma Maters
982
1.25
Sports
Apr 23, 2010
Go to Creator's Profile
Score Distribution
Quiz Creator Spotlight
yungmoney
Follow
Send a Message
Quizzes Created
-
Created Quiz Play Count
-
More By This Creator
Popular Quizzes Today
1
Find the US States - No Outlines Minefield
2
Colored Red Africa Blitz
3
Find the 'City' Movie
4
The Countries of the World
5
5x2 Blitz: Bands
6
Find the Countries of Europe - No Outlines Minefield
7
Find the US States
8
US States
More Sports Quizzes
Royal Rumble Most Eliminations Overall
Quiz Lab
Trending Quizzes
Colored Red Europe Blitz I
Colored Red Europe Blitz II
Colored Red Africa Blitz II
Colored Red Europe Blitz III
Colored Red Africa Blitz III
Recently Updated
Odd Team Out - Big 4 Players
pecheneg
Quick Pick: 20 Twenties
pecheneg
March Madness Men's Triple Doubles
pecheneg
How Do You Spell That?
pecheneg
Godzilla Movies
pecheneg
Grab Bag: 4-10 Letters
pecheneg
2024 March Madness Bracket
pecheneg
Famous TV Couples
Peacemaker
Champions League XIs: Real Madrid
pecheneg
Largest US Cities 1790-2010
pecheneg
Trending Topics
Disney
Crossword
Kpop
Harry Potter
Anime
Marvel
NBA
WWE
Song
Soccer
Pokémon
Country
NFL
The Office
Puzzle
Your Account Isn't Verified!
In order to create a playlist on Sporcle, you need to verify the email address you used during registration. Go to your
Sporcle Settings
to finish the process.
Report this User
Report this user for behavior that violates our
Community Guidelines
.
Details:
Send Report
Go to the Sporcle.com Mobile Site →
Comments